000
00305nam a2200121Ia 4500
008
220204s9999 xx 000 0 und d
082
_a
065
_b
HAM
100
_a
Hampton, David R
245
0
_a
Modern management: Ideas and issues
250
_a
Ed.2
260
_a
New Delhi
_b
Prentice Hall
_c
1976
942
_c
BK
999
_c
25530
_d
25530